000 00682nam a22002297a 4500
003 SISC
005 20160307153032.0
008 130830t xxu||||| |||| 00| 0 eng d
020 _a978 0921149927
050 _aPR 2065
_b.Si619 2007
082 _aHS 821.1
_b W72 1992
100 _aWinny, James
_915861
245 _aSir Gawain and the Green Knight.
_cJames Winny,
260 _aCanada :
_bBroadview Literary Text,
_cc1992.
300 _a170 p. :
_bill. ;
_c22 cm.
650 _aGawain Legendary character
_915865
650 _aRomances
_915866
650 _aArthurian romances
_915867
650 _aArthur, King
_xRomances,
_915868
942 _2lcc
_cBK
999 _c10050
_d10050